Vista normal Vista MARC

Entrada Materia (personas)

Número de registros utilizados en: 1

001 - CONTROL NUMBER

  • control field: 100709

003 - CONTROL NUMBER IDENTIFIER

  • control field: Co-BoUCM

005 - DATE AND TIME OF LATEST TRANSACTION

  • control field: 20200819054807.0

008 - FIXED-LENGTH DATA ELEMENTS

  • fixed length control field: 200819|| aca||aabn | a|a d

040 ## - CATALOGING SOURCE

  • Original cataloging agency: Co-BoUCM
  • Transcribing agency: Co-BoUCM

100 ## - HEADING--PERSONAL NAME

  • Personal name: Balmaseda de la Puente y Sobremonte, Diego

670 ## - SOURCE DATA FOUND

  • Source citation: Work cat.: (Co-BoUCM)74492: Balmaseda de la Puente y Sobremonte, Diego, Tractatus de collectis et tributis praesertim iis in Hispania indictis et usitatis, 1725